Statistics for British Acts that lead to the American Revolution

Click here to take the quiz!

General Stats

  • This quiz has been taken 4 times
  • The average score is 8 of 13

Answer Stats

HintAnswer% Correct
Printed paper was require to have thisStamp Act
100%
Gave a virtual monopoly to the East India Company on this productTea Act
100%
Allowed Royal officers in a trial a change of venue to another colony or to Britain itselfAdministration of Justice Act
75%
Closed this port for tradeBoston Port Act
75%
Revoked this colony's 1691 charter, of which the aforementioned port was a part ofMassachusetts Government Act
75%
Provided for the housing of British troopsQuartering Act
75%
Expanded this colony's borders and granted it the use of French Civil LawQuebec Act
75%
Taxed molasses and lumber, among other thingsSugar Act
75%
Limited colonial settlement west of the Appalachian MountainsProclamation of 1763
50%
Banned colonies from issuing legal tenderCurrency Act
25%
Stated that Parliament had the right to legislate in AmericaDeclaratory Act
25%
Named for the Chancellor of the Exchequer and taxed glass, paint, and teaTownshend Acts
25%
Cut off trade for most of the American coloniesRestraining Acts
0%

Score Distribution

Percentile by Number Answered

Percent of People with Each Score

Your Score History

You have not taken this quiz